US states and capitals mixup #1 - Statistics

General Stats
  • This quiz has been taken 36 times
  • The average score is 10 of 10
Answer Stats
State or Capital Answer % Correct
Hawaii Honolulu
100%
Arkansas Little Rock
96%
Jackson Mississippi
96%
Alabama Montgomery
96%
Trenton New Jersey
96%
Oregon Salem
96%
Richmond Virginia
96%
Cheyenne Wyoming
96%
Indiana Indianapolis
93%
Pierre South Dakota
93%
No matching quizzes found
Score Distribution
Percent of People with Each Score
Percentile by Number Answered
Your Score History
You have not taken this quiz